00503 2200205 4500001002100000008004100021035002000062245006100082100002200143250000600165260003200171300001100203084001400214082000800228650001300236990001200249990001200261990001200273990001200285INLIS000000000000710 ind  a0010-0424000686 aMempersiapkan Gambar Teknik ( Dasar )cWijiyanto, S.Pd.T aWijiyanto, S.Pd.T a1 aYogyakarta :bInsaniac2011 a84 hlm a600 WIJ m a600 aNonfiksi a0721920 a0721921 a0721922 a0721923